0RH Positivo /

Shranjeno v:
Bibliografske podrobnosti
Glavni avtor: Perfetti, Gianna
Format: Knjiga
Jezik:italijanščina
Izdano: [s.l. ] : Streetlib, 2016
Oznake: Označite
Brez oznak, prvi označite!

MARC

LEADER 00000nam a22000007i 4500
001 IT\ICCU\UBO\4238670
003 ItRI
005 20260115232258.0
008 170403s2016 it |||||| ||||| |||||c
040 |b ita  |c importazione bologna sebina 
041 7 |a ita  |2 ISO-639-2 
100 1 |a Perfetti, Gianna  |0 IT\ICCU\UBOV\439779 
245 1 0 |a 0RH Positivo /  |c Gianna Perfetti. 
260 |a [s.l. ] :  |b Streetlib,  |c 2016 
300 |a 175 p. ;  |c 21 cm 
942 |2 ddc  |c BK  |n 0 
952 |0 0  |1 0  |4 0  |6 L_853_920000000000000_PER  |7 0  |9 23470  |a BO  |b BO  |d 2026-01-15  |i 18454  |l 0  |o L 853.92 PER  |p BO18454  |r 2026-01-15 23:22:58  |w 2026-01-15  |x [Sebina 5] [1 v.]  |y BK  |z 1 v. (con dedica dell'autrice) 
999 |c 19997  |d 19997